000 00232nam a22000857a 4500
008 160711b xxu||||| |||| 00| 0 eng d
100 _92525
_a Miller, V
245 _aPoem: Onions and Roses
260 _aMiddletown
_b Weslyan Uni.Press
_c1968
999 _c2192
_d2192